000
00207nam a22000857a 4500
008
170130b xxu||||| |||| 00| 0 eng d
100
_9
2645
_a
Singh.A
245
_a
LAb.Mathematics-V
260
_a
New Delhi
_b
ESP
_c
2010
999
_c
5790
_d
5790